| Record ID | ia:aromatherapyfors0000mill |
| Source | Internet Archive |
| Download MARC XML | https://archive.org/download/aromatherapyfors0000mill/aromatherapyfors0000mill_marc.xml |
| Download MARC binary | https://www.archive.org/download/aromatherapyfors0000mill/aromatherapyfors0000mill_meta.mrc |
LEADER: 03236cam 2200397Ii 4500
001 ocn890180708
003 OCoLC
005 20220202162617.0
008 140908s2015 nyua 000 0 eng d
040 $aBTCTA$beng$erda$cBTCTA$dBDX$dZAC$dSINLB$dOCLCF$dDAD$dYDXCP$dLKC$dMDTSL$dOCLCQ
019 $a921940418
020 $a9781632203366
020 $a1632203367
035 $a(OCoLC)890180708$z(OCoLC)921940418
050 4 $aTP958$b.M55 2015
082 04 $a615.3/219$223
100 1 $aMillman, Elana,$eauthor.
245 10 $aAromatherapy for sensous living :$bessential oils for the ecstatic soul /$cElana Millman.
264 1 $aNew York, NY :$bSkyhorse Publishing,$c[2015]
264 4 $c©2015
300 $a237 pages :$bcolor illustrations ;$c26 cm
336 $atext$btxt$2rdacontent
337 $aunmediated$bn$2rdamedia
338 $avolume$bnc$2rdacarrier
505 0 $aIntroduction -- Sensuality and our senses -- A perfumed ride through history -- How to smell : the nose knows -- Distill the essence, blend the juice -- Fabulous pheromones : the smell of sex -- Bewitching beauty rituals -- Zen states of sensuality -- Steamy, dreamy, creamy, enthralling essential oil practices -- Aromatic affirmations -- Edible, delectable, downright erotic : essential oils in the kitchen -- The scented diary -- Sensual living manifesto -- Essential oil personality profiles -- Classic blends and kits -- Cultivating authentic sensuality -- Be the flower.
520 $a"Aromatherapy has successfully infiltrated our world. The flowers are speaking and we are listening. Innocuously, most people have a bottle of lavender, peppermint, or even oregano tucked away in the back of the drawer or medicine cabinet for an emergency bout of insomnia or nausea or to conquer a cold or flu. We have been told that flowers heal and cure and we believe. Through positive experimentation, most people understand that essential oils can be used, not only for beauty or as perfume, but also for medicinal purposes. With the trend toward more natural remedies, aromatherapy is quickly becoming a staple for those who want to empower their own health and healing and avoid costly doctor visits. People are waking up to the inherent powers of nature and doing so with brilliant results. However, most people don't yet know the depth and breadth to which essential oils can heal and help. Aromatherapy for Sensual Living is here to teach. With the daily use of essential oils, your immune system will be stronger, you will look more youthful, and you will actively be aligning yourself with the divine knowledge held within the plant kingdom. You have virtually endless options to choose from to empower your health and open a treasure trove of luscious libations to tempt and tease"--Publisher's description.
650 0 $aEssences and essential oils.
650 0 $aAromatherapy.
650 7 $aAromatherapy.$2fast$0(OCoLC)fst00815010
650 7 $aEssences and essential oils.$2fast$0(OCoLC)fst00915449
938 $aBrodart$bBROD$n110648773
938 $aBaker and Taylor$bBTCP$nBK0015621876
938 $aYBP Library Services$bYANK$n12062866
029 1 $aNZ1$b16008394
994 $aZ0$bP4A
948 $hNO HOLDINGS IN P4A - 53 OTHER HOLDINGS